| 000 | 01387nam a22003497a 4500 | ||
|---|---|---|---|
| 003 | CHAP | ||
| 005 | 20220329143403.0 | ||
| 008 | 090212s2008 mx ab r 00010 spa d | ||
| 010 | _a95834 | ||
| 011 | _a96806 | ||
| 035 | _a107463 | ||
| 040 | _cCHAP | ||
| 090 | _aTesis | ||
| 100 | 1 |
_aHernández Ordoñez, José Natividad. _954413 |
|
| 245 | 1 | 0 |
_aSensibilidad "in vitro" de Mycosphaerella fijiensis (Morelet) al difenoconazol, azoxystrobin y pyrimetanil en Teapa, Tabasco, Méxco _c/por José Natividad Hernández Ordoñez |
| 260 |
_aChapingo, Méx. : _bEl autor, _c2008 |
||
| 300 |
_avii, 58 h. : _bilus., cuadros, gáfs. |
||
| 502 | _aTesis (Ing. Agr. Esp. en Parasitología Agrícola) -- UACH. Departamento de Parasitología Agrícola | ||
| 590 |
_aALEPH _b10 _c20130110 _lUCH01 _h1527 |
||
| 590 |
_aBATCH-UPD _b10 _c20130110 _lUCH01 _h0929 |
||
| 590 |
_aBATCH-UPD _b10 _c20130410 _lUCH01 _h0549 |
||
| 590 |
_aBATCH-UPD _b10 _c20130914 _lUCH01 _h1044 |
||
| 590 |
_aCONVERSION _b10 _c20130109 _lUCH01 _h1353 |
||
| 650 | 1 | 4 |
_aControl químico. _927604 |
| 650 | 1 | 4 |
_aMancha foliar del plátano. _970305 |
| 650 | 1 | 4 |
_aPlátano _xEnfermedades. _989231 |
| 650 | 1 | 4 |
_aPlátano _xTabasco. _989270 |
| 901 | _aBK | ||
| 942 | _cFOLL | ||
| 949 |
_aTesis _bBC _cTES _d33724002087082 _eTS1 _gDonaciØn _h48754 _i107463 _sb |
||
| 949 |
_aTesis _bBC _cTES _d33724002087124 _eTS2 _fc.2 _gDonaciØn _h48755 _i107463 _sb |
||
| 999 |
_c95834 _d95834 |
||